|
|
|
|
| LEADER |
00000 a a2200000 04500 |
| 001 |
15603 |
| 003 |
|
| 040 |
|
|
|
| 090 |
|
|
|a 007700
|
| 100 |
|
|
|a Cevallos Salas, Jorge W
|
| 245 |
|
|
|a Socialismo democrático y Estado
|
| 260 |
|
|
|a Heredia:
|b CEDAL
|
| 300 |
|
|
|a 27 p.
|
| 500 |
|
|
|a También EN: Colección Seminarios y Documentos CEDAL, n° 30, 197 pp. 13-2 # acceso CIDCACS: 122401
|
| 999 |
|
|
|c 4693
|d 4693
|